| 000 | 00436cam a2200169ua 4500 | ||
|---|---|---|---|
| 020 | _c9.00 | ||
| 041 |
_ahin _h |
||
| 082 |
_a891.43 _bKIR/HI |
||
| 100 | _aKirarimini, Gupta . | ||
| 245 |
_aHindi sahithya ka patham ithihas / _cGuptha Kirarimini. _hTextual Documents |
||
| 260 |
_aVaranasi : _bHindi Prachar Pusthakalayam , _c1962. |
||
| 300 | _a365 ; . | ||
| 365 | _a9.00 | ||
| 504 | _a | ||
| 942 | _cBK | ||
| 999 |
_c3637 _d3637 |
||